|
|
|
|
| LEADER |
00000nab a2200000uu 4500 |
| 001 |
vtls011143276 |
| 003 |
SK-MaSNL |
| 005 |
20260303125600.0 |
| 008 |
230218|2003 xo |||||||||||||||||cze| |
| 015 |
|
|
|a SNBRB
|
| 035 |
|
|
|a (urnnbn)urn:nbn:sk:snk:ar-008gks
|
| 035 |
|
|
|a (uuid)62fc69f6-aba2-40ad-a210-31cac2fc83db
|
| 035 |
|
|
|a urn:nbn:sk:snk-abaukd
|
| 040 |
|
|
|a SNKBUCL
|b slo
|c SNKBUCL
|e AACR2
|
| 041 |
0 |
|
|a cze
|
| 044 |
|
|
|a xo
|c SK
|
| 100 |
1 |
|
|a Štefan, J.
|4 aut
|9 855409
|
| 245 |
1 |
0 |
|a Difuzní axonální poranění I
|c J. Štefan, V. Kellerová
|
| 700 |
1 |
|
|a Kellerová, V.
|4 aut
|9 1031759
|
| 773 |
0 |
|
|t Česká a slovenská neurologie a neurochirurgie : časopis českých a slovenských neurologů a neurochirurgů
|g Roč. 66(99), č. 3 (2003), s. 152-160
|
| 954 |
|
|
|a odborná, vedecká literatúra cudzojazyčná (svetová)
|2 lita
|
| 958 |
|
|
|a OND
|
| 958 |
|
|
|a EUIPO
|
| 958 |
|
|
|a article14
|
| 999 |
|
|
|c 1935413
|d 1937343
|